000 01752cam a22002898i 4500
001 1108782472
003 AUA.1
005 20251120180941.0
008 190625s2019 miu b 001 0 eng
010 _a2019023404
020 _a9789409802705
020 _a9781940980270
020 _a1940980275
035 _a(OCoLC)1108782472
040 _aDLC
_beng
_erda
_cDLC
_dOCLCO
_dOCLCF
_dYDX
042 _apcc
050 0 0 _aBS1555.52
_b.D68 2019
082 0 0 _a224/.506
_223
100 1 _aDoukhan, Jacques,
_eauthor.
245 1 0 _aDaniel 11 decoded :
_ban exegetical, historical, and theological study /
_cJacques B. Doukhan.
260 _aBerrien Springs, MI :
_bAndrews University Press;
_c2019.
300 _axv, 341 pages ;
_c23 cm.
504 _aIncludes bibliographical references and index.
520 _a"Daniel 11 is one of the most difficult texts of the Bible. The history of interpretation reflects this difficulty, as it offers to the biblical student the confused picture of diverse and often contradictory interpretations. The difficulty has to do with the "coded" nature of the chapter, a characteristic feature that has been well recognized. As such, this text uses a symbolic language that should be elucidated, and contains allusions to other passages of Daniel or other biblical texts that need to be traced and established. This chapter deserves all the more the utmost attention of the biblical student because it is a key text for the understanding of the whole book. Indeed Daniel 11, the longest prophecy of the book of Daniel, radiates everywhere in the book, and illuminates its message"--
630 0 0 _aBible.
_pDaniel, XI
_xCriticism, interpretation, etc.
942 _2lcc
_cBOOK
_hBS 1555.52
_i.D68 2019
999 _c25269
_d25269